=LDR 00000nam 2200000 4500 =001 INLIS000000000026257 =005 20130612124717 =008 ***********************************ind** =035 ##$$0010-061300000026257 =041 ##$$a ind =082 ##$$a 658.31 =090 ##$$a 658.31, JUW k =100 ##$$a Juwono, Cahyanto Puji =245 ##$$a Kupas tuntas psikotes, Drs. Tjahjanto Pudji Juwono =260 ##$$a 2004 $b Surabaya =300 ##$$a 102 hlm., 21 cm =650 ##$$a Psikotest =850 ##$$a NBPNMAT =990 ##$$a 0001/BPAP-NTB/2016